000 00301nam a22001337a 4500
008 180925b xxu||||| |||| 00| 0 eng d
020 _a136852890
041 _aeng
080 _a616.073
100 _a6
101 _agen
245 _aPp[ulation Genetics Evolution
_cMettler.L.E
942 _2udc
_cBK
999 _c48422
_d48422